000 00372nam a22001697a 4500
005 20160627105857.0
008 160627b xxu||||| |||| 00| 0 eng d
020 _a0-586-01080-7
041 _aeng
082 _b10416
100 _aAsimov, Isaac
_92873
245 _aFoundation
260 _bHarper Collins
300 _a234
650 _aManagement
_9241
942 _cBK
999 _c4166
_d4165